WWE & AEW / Superstars (Pictures) #1 - Statistics

General Stats
  • This quiz has been taken 25 times
  • The average score is 14 of 16
Answer Stats
Picture Answer % Correct
AJ Styles
100%
Brock Lesnar
100%
CM Punk
100%
Cody Rhodes
100%
John Cena
100%
Randy Orton
100%
Roman Reigns
100%
Seth Rollins
100%
Chris Jericho
88%
Jon Moxley
88%
MJF
79%
Darby Allin
75%
Kenny Omega
75%
Orange Cassidy
71%
Will Ospreay
71%
Swerve Strickland
63%
No matching quizzes found
Score Distribution
Percent of People with Each Score
Percentile by Number Answered
Your Score History
You have not taken this quiz